000 00899cab a2200241 4500
001 WB2905-12
008 090401t1993 xxu||||| |||| 00| 0 eng d
035 _a(Sirsi) u42926
041 _aeng
245 _aBanks to seek RICS advice
260 _c1993
350 _a0
490 _aEstates Times
_v(1174) 1 February 1993, 1(1)
520 _aThe RICS is to meet top level Bank of England officials to try to avoid the potential problem of large scale property disposals by banks if there is an upturn in the economy. Fears are growing that the mass disposal of properties now in banks` hands could deepen the recession by depressing property values further.
650 _aBANK LENDING
650 _aBANKS
650 _aFINANCIAL INSTITUTIONS
650 _aPROPERTY DEBT
650 _aPROPERTY DISPOSALS
690 _aPROPERTY-COMMERCIAL PROPERTY
942 _n0
948 _c04/03/1997
999 _c27453
_d27453